000 00472nam a22001457a 4500
020 _a9787539995601
082 _a154.63
_bSIG
100 _aFreud, Sigmund
245 _a梦的解析》The interpretation of dreams: The Authoritative Translation of the Famous Psychologist Lei Ming
_cFreud, Sigmund
250 _a(Chinese edition)
260 _aBeijing
_bJiangsu phoenix literature and art publishing
_c2016
300 _a421p
563 _aHB
942 _2ddc
_cBK
999 _c591821
_d591821